[Event "SB-2019-0-00586"]
[Site "LSS email"]
[Date "2019.12.17"]
[Round "?"]
[White "Zholob, Anatolij"]
[Black "Leijen, Peter"]
[Result "1-0"]
[WhiteElo "2081"]
[BlackElo "2091"]
[PlyCount "49"]
[EventDate "2019.10.08"]
[EventType "tourn (corr)"]
[EventRounds "6"]
[EventCountry "GER"]
[SourceTitle "Corr 2022"]
[Source "ChessBase"]
[SourceDate "2021.10.24"]
[SourceVersion "1"]
[SourceVersionDate "2021.10.24"]
[SourceQuality "1"]

1. e4 c5 2. Nf3 d6 3. d4 cxd4 4. Nxd4 Nf6 5. Nc3 a6 6. Be3 e5 7. Nb3 Be7 8. h3 Be6 9. f4 exf4 10. Bxf4 Nc6 11. Qe2 0-0 12. 0-0-0 Qc7 13. g4 Nd7 14. Nd5 Bxd5 15. exd5 Nce5 16. g5 Rae8 17. h4 Bd8 18. Qh2 Nc5 19. Kb1 Nxb3 20. axb3 f5 21. Bh3 Qd7 22. Qg3 a5 23. Rhe1 g6 24. Bf1 Bc7 25. Qg2 1-0

[Event "IECC CL1-2019.02 email"]
[Site "IECC email"]
[Date "2019.11.12"]
[Round "?"]
[White "Leijen, Peter"]
[Black "Blittkowsky, Ralf"]
[Result "0-1"]
[WhiteElo "2075"]
[BlackElo "2169"]
[PlyCount "22"]
[EventDate "2019.??.??"]
[EventType "tourn (corr)"]
[EventRounds "4"]
[SourceTitle "Corr 2024"]
[Source "ChessBase"]
[SourceDate "2023.10.19"]
[SourceVersion "1"]
[SourceVersionDate "2023.10.19"]
[SourceQuality "1"]
[WhiteTeam "Niederlande"]
[BlackTeam "Deutschland"]
[WhiteTeamCountry "NED"]
[BlackTeamCountry "GER"]

1. d4 f5 2. c4 Nf6 3. Nc3 g6 4. h4 d6 5. h5 Nxh5 6. e4 Nf6 7. Bd3 Bg7 8. exf5 Bxf5 9. Bxf5 gxf5 10. Bg5 Nc6 11. Nf3 Qd7 0-1

[Event "IECC CL1-2019.02 email"]
[Site "IECC email"]
[Date "2019.11.12"]
[Round "?"]
[White "Leijen, Peter"]
[Black "Laudati, Lelio"]
[Result "0-1"]
[WhiteElo "2063"]
[BlackElo "2081"]
[PlyCount "28"]
[EventDate "2019.??.??"]
[EventType "tourn (corr)"]
[EventRounds "4"]
[SourceTitle "Corr 2024"]
[Source "ChessBase"]
[SourceDate "2023.10.19"]
[SourceVersion "1"]
[SourceVersionDate "2023.10.19"]
[SourceQuality "1"]
[WhiteTeam "Niederlande"]
[BlackTeam "Italien"]
[WhiteTeamCountry "NED"]
[BlackTeamCountry "ITA"]

1. e4 e6 2. d4 d5 3. Nc3 dxe4 4. Nxe4 Nd7 5. Nf3 Ngf6 6. Nxf6+ Nxf6 7. c3 c5 8. Ne5 a6 9. Be3 Qc7 10. Qa4+ Nd7 11. Bb5 cxd4 12. Bxd7+ Bxd7 13. Qxd4 Bb5 14. a4 Bd6 0-1

[Event "SB-2019-0-00581"]
[Site "LSS email"]
[Date "2019.09.16"]
[Round "?"]
[White "Leijen, Peter"]
[Black "Langheld, Werner"]
[Result "1/2-1/2"]
[WhiteElo "2102"]
[BlackElo "1892"]
[PlyCount "76"]
[EventDate "2019.07.19"]
[EventType "tourn (corr)"]
[EventRounds "6"]
[EventCountry "GER"]
[SourceTitle "Corr 2022"]
[Source "ChessBase"]
[SourceDate "2021.10.24"]
[SourceVersion "1"]
[SourceVersionDate "2021.10.24"]
[SourceQuality "1"]

1. d4 e6 2. e4 d5 3. Nc3 Nf6 4. Bg5 dxe4 5. Nxe4 Be7 6. Bxf6 gxf6 7. Qd2 b6 8. 0-0-0 Bb7 9. Nc3 c6 10. f4 f5 11. Nf3 Nd7 12. Qe3 Qc7 13. Ne5 Rf8 14. g3 0-0-0 15. Bg2 Kb8 16. Bf3 Nxe5 17. dxe5 Bc8 18. Bg2 f6 19. Ne2 fxe5 20. fxe5 Bb7 21. a3 Rxd1+ 22. Rxd1 Rd8 23. Rxd8+ Qxd8 24. Nf4 Bg5 25. b3 Qd7 26. b4 Qc8 27. Bf1 Ba6 28. Bg2 Bc4 29. Qd4 Bd5 30. Bf1 Bxf4+ 31. gxf4 Kb7 32. Kb2 Qc7 33. Qe3 Qg7 34. Bd3 Qg2 35. Qg3 a5 36. Qxg2 Bxg2 37. Kc3 axb4+ 38. axb4 Kc7 1/2-1/2

[Event "OP-2019-0-04833"]
[Site "LSS email"]
[Date "2019.08.22"]
[Round "?"]
[White "Salazar Moran, Alejandro Fortunato"]
[Black "Leijen, Peter"]
[Result "1-0"]
[WhiteElo "1354"]
[BlackElo "2102"]
[PlyCount "27"]
[EventDate "2019.08.17"]
[EventType "tourn (corr)"]
[EventRounds "4"]
[EventCountry "GER"]
[SourceTitle "Corr 2022"]
[Source "ChessBase"]
[SourceDate "2021.10.24"]
[SourceVersion "1"]
[SourceVersionDate "2021.10.24"]
[SourceQuality "1"]

1. d4 Nf6 2. c4 e6 3. Bd2 c5 4. d5 exd5 5. cxd5 Nxd5 6. Nc3 Nxc3 7. Bxc3 d5 8. e3 Nc6 9. Nf3 Be6 10. a3 Be7 11. Bxg7 Rg8 12. Bc3 Qb6 13. a4 d4 14. a5 1-0

[Event "ZI-2019-0-02609"]
[Site "LSS email"]
[Date "2019.08.12"]
[Round "?"]
[White "Leijen, Peter"]
[Black "Shchebenyuk, Nina"]
[Result "1-0"]
[WhiteElo "2102"]
[BlackElo "1820"]
[PlyCount "101"]
[EventDate "2019.08.05"]
[EventType "match (corr)"]
[EventRounds "2"]
[EventCountry "GER"]
[SourceTitle "Corr 2022"]
[Source "ChessBase"]
[SourceDate "2021.10.24"]
[SourceVersion "1"]
[SourceVersionDate "2021.10.24"]
[SourceQuality "1"]

1. d4 d5 2. c4 e6 3. Nc3 Nf6 4. Nf3 Nbd7 5. Bg5 h6 6. Bh4 Be7 7. e3 0-0 8. Rc1 c5 9. cxd5 Nxd5 10. Bxe7 Nxe7 11. Bb5 cxd4 12. Qxd4 a6 13. Be2 Nc6 14. Qc4 Nb6 15. Qc5 Nd7 16. Qa3 Nf6 17. 0-0 e5 18. Rfd1 Qc7 19. e4 Qb8 20. Nd5 Be6 21. Nxf6+ gxf6 22. Bc4 Bxc4 23. Rxc4 Rd8 24. Rd5 h5 25. h3 a5 26. Nh4 Rxd5 27. exd5 Nd4 28. d6 Qe8 29. Qg3+ Kh8 30. Qe3 Qf8 31. Rxd4 exd4 32. Qxd4 Qh6 33. f4 Rd8 34. Kh2 b6 35. Nf5 Qg6 36. Ne7 Qh6 37. Kh1 Kh7 38. Qd5 Qf8 39. Qxh5+ Kg7 40. Nf5+ Kg8 41. Ne7+ Kg7 42. Nf5+ Kg8 43. Qd1 Kh7 44. Kh2 Kg6 45. Qg4+ Kh7 46. Qh5+ Kg8 47. Nh6+ Kg7 48. Nf5+ Kg8 49. Qg4+ Kh7 50. Qh4+ Kg8 51. Qxf6 1-0

[Event "ZI-2019-0-02609"]
[Site "LSS email"]
[Date "2019.08.12"]
[Round "?"]
[White "Shchebenyuk, Nina"]
[Black "Leijen, Peter"]
[Result "0-1"]
[WhiteElo "1820"]
[BlackElo "2102"]
[PlyCount "98"]
[EventDate "2019.08.05"]
[EventType "match (corr)"]
[EventRounds "2"]
[EventCountry "GER"]
[SourceTitle "Corr 2022"]
[Source "ChessBase"]
[SourceDate "2021.10.24"]
[SourceVersion "1"]
[SourceVersionDate "2021.10.24"]
[SourceQuality "1"]

1. e4 c5 2. Nf3 d6 3. d4 Nf6 4. Nc3 cxd4 5. Nxd4 a6 6. Be3 e5 7. Nb3 Be7 8. f3 0-0 9. Qd2 Be6 10. 0-0-0 Nbd7 11. g4 b5 12. g5 Nh5 13. Nd5 Bxd5 14. exd5 f5 15. gxf6 Bxf6 16. Na5 Qe8 17. Qb4 Be7 18. Bd3 Nf4 19. Be4 Nf6 20. Kb1 Nxe4 21. fxe4 Qd7 22. Nc6 Nh3 23. Rhf1 Bg5 24. Bxg5 Nxg5 25. b3 Nf3 26. Rf2 Rf4 27. a4 bxa4 28. Qxa4 h6 29. Kb2 Raf8 30. Re2 Ng5 31. Rde1 Ra8 32. Qc4 a5 33. Ra1 Qg4 34. Ne7+ Kh7 35. Qd3 Nh3 36. Qe3 Ng5 37. Qd3 a4 38. Rxa4 Rxa4 39. bxa4 Rf7 40. Nc6 Qg1 41. c3 Rf3 42. Qc2 Qc5 43. Qb3 Nh3 44. Nb4 Nf2 45. Kc2 h5 46. Kd2 h4 47. Kc2 Qc8 48. Na2 Qh3 49. Qb5 Qxh2 0-1

[Event "LSS No Engine Cup 178 Final"]
[Site "LSS email"]
[Date "2018.12.25"]
[Round "?"]
[White "Leijen, Peter"]
[Black "Sabbatini, Giuseppe"]
[Result "0-1"]
[WhiteElo "2065"]
[BlackElo "2101"]
[PlyCount "30"]
[EventDate "2018.12.26"]
[EventType "tourn (corr)"]
[EventRounds "6"]
[EventCountry "GER"]
[SourceTitle "Corr 2022"]
[Source "ChessBase"]
[SourceDate "2021.10.24"]
[SourceVersion "1"]
[SourceVersionDate "2021.10.24"]
[SourceQuality "1"]

1. d4 Nf6 2. c4 e6 3. Nf3 d5 4. Nc3 c6 5. e3 Nbd7 6. Qc2 Bd6 7. Bd3 dxc4 8. Bxc4 0-0 9. 0-0 e5 10. Rd1 Qe7 11. h3 e4 12. Ng5 Nb6 13. Bb3 Bf5 14. f3 Nbd5 15. Nxd5 cxd5 0-1

[Event "LSS No Engine Cup 178 Final"]
[Site "LSS email"]
[Date "2018.12.25"]
[Round "?"]
[White "Leijen, Peter"]
[Black "Sofia, Gerardo"]
[Result "1-0"]
[WhiteElo "2065"]
[BlackElo "1935"]
[PlyCount "85"]
[EventDate "2018.12.26"]
[EventType "tourn (corr)"]
[EventRounds "6"]
[EventCountry "GER"]
[SourceTitle "Corr 2022"]
[Source "ChessBase"]
[SourceDate "2021.10.24"]
[SourceVersion "1"]
[SourceVersionDate "2021.10.24"]
[SourceQuality "1"]

1. d4 d5 2. c4 c6 3. Nc3 dxc4 4. e3 b5 5. a4 b4 6. Ne4 f5 7. Ng5 e5 8. N1h3 Ba6 9. Bd2 Qd5 10. dxe5 Qxe5 11. Rc1 Be7 12. Bxc4 Bxc4 13. Rxc4 Bxg5 14. Nxg5 a5 15. 0-0 Nf6 16. Qb3 0-0 17. Rxb4+ Qd5 18. Qxd5+ Nxd5 19. Rb7 h6 20. Nf3 Na6 21. Rc1 Ndb4 22. Kf1 Rad8 23. Ke2 Rd5 24. Rc4 Nc5 25. Ra7 Ncd3 26. Rd4 Rfd8 27. Rxa5 Rxd4 28. Nxd4 f4 29. Ra7 fxe3 30. fxe3 Rf8 31. Bxb4 Nxb4 32. Ne6 Rf7 33. Ra8+ Kh7 34. Nf8+ Kg8 35. Ne6+ Kh7 36. a5 Rf5 37. a6 Ra5 38. a7 c5 39. Nf8+ Kh8 40. Ng6+ Kh7 41. Rh8+ Kxg6 42. a8Q Rxa8 43. Rxa8 1-0